000 00308nam a2200133Ia 4500
008 191201s2012 xx 000 0 und d
100 _aSCHAUMANN,Rolf
245 0 _aDesign of Analog Filters
250 _aRep
260 _aN. Delhi
_bOxford
_c2012
300 _a737
650 _aB.Tech(CE)
942 _2ddc
_cBK
999 _c5590
_d5590